000 00983cam a2200325 4500
008 090401t1995 xxu||||| |||| 00| 0 eng d
020 _a0070325731
035 _a(Sirsi) u61784
041 _aeng
050 _a691.0904
245 _a20th Century building materials: history and conservation.
260 _aNew York
_bMcGraw-Hill
_c1995
300 _a352p. : ill. ; 24cm.
350 _a41.95
520 _aA collection of papers looking at the history, use and conservation of different building materials used in 20th century America.
650 _aBUILT ENVIRONMENT-BUILDING MATERIALS
650 _aCONCRETE
650 _aFLOORING
650 _aGLASS
650 _aMASONRY
650 _aBUILT ENVIRONMENT-BUILDING MATERIALS-METAL
650 _aPLASTICS
650 _aROOFING
650 _aUNITED STATES
650 _aWOOD
690 _aBUILT ENVIRONMENT-BUILDING MATERIALS
700 _aJester, Thomas C.
_xEditor
942 _n0
948 _c04/03/1997
999 _c94351
_d94351